एक चुटकी आसमान / (Record no. 117191)

MARC details
000 -LEADER
fixed length control field 01130nam a22002777a 4500
003 - CONTROL NUMBER IDENTIFIER
control field 0
005 - DATE AND TIME OF LATEST TRANSACTION
control field 20190105171501.0
008 - FIXED-LENGTH DATA ELEMENTS--GENERAL INFORMATION
fixed length control field 0
010 ## - LIBRARY OF CONGRESS CONTROL NUMBER
LC control number B-238494, B-238498
020 ## - INTERNATIONAL STANDARD BOOK NUMBER
Terms of availability 100.00
International Standard Book Number 8190386921
035 ## - SYSTEM CONTROL NUMBER
System control number B-238494,B-238495, B-238498
037 ## - SOURCE OF ACQUISITION
Source of stock number/acquisition Cen Lib/Ret
040 ## - CATALOGING SOURCE
Original cataloging agency DPL
Language of cataloging HN
Transcribing agency 0
082 ## - DEWEY DECIMAL CLASSIFICATION NUMBER
Classification number
Item number काबरा
100 ## - MAIN ENTRY--PERSONAL NAME
Personal name काबरा, किशोर
9 (RLIN) 70643
245 ## - TITLE STATEMENT
Title एक चुटकी आसमान /
Statement of responsibility, etc किशोर काबरा
246 ## - VARYING FORM OF TITLE
Title proper/short title Ek chutki aasaman /
Remainder of title by Kishor Kabara
260 ## - PUBLICATION, DISTRIBUTION, ETC. (IMPRINT)
Place of publication, distribution, etc दिल्ली
Name of publisher, distributor, etc विजेता प्रकाशन
Date of publication, distribution, etc 2006
270 ## - ADDRESS
City दिल्ली
Address 6/40, मौहल्ला महाराम, गली आर्यसमाज, शाहदरा
Postal code 110032
300 ## - PHYSICAL DESCRIPTION
Extent 71पृ.
Dimensions 19सेमी (सजिल्द )
650 ## - SUBJECT ADDED ENTRY--TOPICAL TERM
Topical term or geographic name as entry element हिंदी साहित्य
General subdivision
Geographic subdivision
9 (RLIN) 70644
650 ## - SUBJECT ADDED ENTRY--TOPICAL TERM
Topical term or geographic name as entry element हिंदी साहित्य
Form subdivision
General subdivision कहानियां
9 (RLIN) 70645
650 ## - SUBJECT ADDED ENTRY--TOPICAL TERM
Topical term or geographic name as entry element Hindi literature
9 (RLIN) 70646
650 ## - SUBJECT ADDED ENTRY--TOPICAL TERM
Topical term or geographic name as entry element Hindi literature
General subdivision stories
9 (RLIN) 70647
942 ## - ADDED ENTRY ELEMENTS (KOHA)
Source of classification or shelving scheme Dewey Decimal Classification
Koha item type Hindi Books
Classification part
Call number suffix काबरा
Holdings
Withdrawn status Lost status Damaged status Not for loan Home library Current library Date acquired Source of acquisition Cost, normal purchase price Total Checkouts Full call number Barcode Date last seen Copy number Cost, replacement price Price effective from Koha item type Source of classification or shelving scheme Collection code
        Central Library Central Library 26/08/2015 Cen Lib/Ref 100.00   क काबरा B-238494 26/08/2015 1 100.00 26/08/2015 Hindi Books    
        Patel Nagar Patel Nagar 01/10/2018 BPPD/PUB 100.00   क काबरा B-238495 01/10/2018   100.00 01/10/2018 Hindi Books Dewey Decimal Classification Fiction
        Sarojini Nagar Sarojini Nagar 05/01/2019   100.00   क काबरा B-238496 05/01/2019   100.00   Hindi Books Dewey Decimal Classification Fiction

© Delhi Public Library
Hit Counter
free hit counter